IFM Opac

Europe and the World (Record no. 17328)

MARC details
000 -LEADER
fixed length control field 00376nam a22001457a 4500
022 ## - INTERNATIONAL STANDARD SERIAL NUMBER
International Standard Serial Number 0 900 36278 2
082 ## - DEWEY DECIMAL CLASSIFICATION NUMBER
Classification number 382.1094 EUR
100 ## - MAIN ENTRY--PERSONAL NAME
Personal name Europe and the World
245 ## - TITLE STATEMENT
Title Europe and the World
260 ## - PUBLICATION, DISTRIBUTION, ETC.
Place of publication, distribution, etc. England
Name of publisher, distributor, etc. Europa publication
300 ## - PHYSICAL DESCRIPTION
Extent xviii, 210p
Other physical details ill, 25cm.
500 ## - GENERAL NOTE
General note include, index, bibliography.
650 ## - SUBJECT ADDED ENTRY--TOPICAL TERM
Topical term or geographic name entry element Europe and the World
942 ## - ADDED ENTRY ELEMENTS (KOHA)
Koha item type Books
Holdings
Withdrawn status Lost status Source of classification or shelving scheme Damaged status Not for loan Home library Current library Shelving location Date acquired Full call number Barcode Date last seen Price effective from Koha item type
    Dewey Decimal Classification     IFM Main Campus Library IFM Main Campus Library   08/02/2017 382.1094 EUR 03716/78 08/02/2017 08/02/2017 Books